000 00479nam a2200145Ia 4500
041 _aArabic
082 _a796.07 cut-222 ر
100 _a20260118u\\\\\\\\\\\y0engy0103\\\\ba
100 _aاسامة كامل راتب
245 0 _aالاعداد النفسي لتدريب الناشئين دليل المدربين واولياء الامور
250 _aط1
260 _bدار الفكر العربي للنشر
_aالقاهرة
_c1997
300 _a313
942 _cBk
999 _c190258
_d190258